Geografie pro ekonomické třídy zahraničních studentů

Saved in:
Bibliographic Details
Main Author Křivánek, Daniel (Author)
Corporate Author Univerzita Karlova
Format Book
LanguageCzech
Published Praha : Karolinum, 2006
Edition1. vyd.
SeriesUčební texty Univerzity Karlovy v Praze
Subjects
ISBN8024610817
789-80-246-1081-8
Physical Description187 s : il. ; 30 cm

Cover

LEADER 00000cam a2200000 a 4500
001 52374
003 CZ-ZlUTB
005 20190826001647.0
007 ta
008 051013s2006 xr a e p 000 0 cze
020 |a 8024610817  |q (brož.) :  |c Kč 170,00 
020 |z 789-80-246-1081-8  |q (dotisk :  |q brož.) :  |c Kč 170,00 
035 |a (OCoLC)85716919 
040 |a ABA001  |b cze  |d OLA001  |d ZLD002 
072 7 |a 911  |x Obecná geografie. Systematická geografie  |2 Konspekt  |9 7 
072 7 |a 37.016  |x Učební osnovy. Vyučovací předměty. Učebnice  |2 Konspekt  |9 22 
080 |a 911.3:33  |2 MRF 
080 |a 913  |2 MRF 
080 |a (075.8)  |2 MRF 
100 1 |a Křivánek, Daniel  |7 mzk2006342998  |4 aut 
245 1 0 |a Geografie pro ekonomické třídy zahraničních studentů /  |c Daniel Křivánek 
250 |a 1. vyd. 
260 |a Praha :  |b Karolinum,  |c 2006 
300 |a 187 s :  |b il. ;  |c 30 cm 
490 1 |a Učební texty Univerzity Karlovy v Praze 
500 |a Česko-anglicko-francouzsko-španělsko-ruský terminologický slovník 
500 |a Dotisk r. 2008 
500 |a 400 výt., dotisk 400 výt. 
504 |a Obsahuje bibliografii 
521 8 |a Pro posluchače studijních středisek ÚJOPu UK 
550 |a Vydavatel: Univerzita Karlova v Praze 
650 0 7 |a ekonomická geografie  |7 ph114700  |2 czenas 
650 0 7 |a regionální geografie  |7 ph116030  |2 czenas 
655 7 |a učebnice vysokých škol  |7 fd133772  |2 czenas 
710 2 |a Univerzita Karlova  |7 kn20010710036 
810 2 |a Univerzita Karlova.  |t Učební texty  |0 s 
910 |a ZLD002 
928 1 |a Karolinum - nakladatelství Univerzity Karlovy 
952 |0 0  |1 0  |4 0  |6 S911KŘIVÁNEKD  |7 0  |8 BOOK  |9 93972  |a UTBZL  |b UTBZL  |c 006  |d 2009-06-09  |l 1  |o S911/KŘIVÁNEK,D.  |p 420010124578  |r 2019-08-26 00:00:00  |v 170.00  |w 2019-08-26  |x N:dar; | 20100831  |y 04 
992 |a BK  |b SK  |d 1 
901 |b 9788024610818  |f 1. vyd.  |o 20060731 
998 |a 001627091 
999 |c 52374  |d 52374